000 00687cam a2200217 4500
001 ABS66679
008 030522n2003 000 0 eng u
035 _a(Sirsi) u122376
245 _aRegional survey: Merseyside and Wirral
260 _c2003
490 _aProperty Week
_v68(16) 25 April 2003, 59-74(8)
590 _aABS
650 _aMERSEYSIDE
650 _aWIRRAL
650 _aLIVERPOOL
650 _aPROPERTY-COMMERCIAL PROPERTY-OFFICE PROPERTY-OFFICE PROPERTY MARKET
650 _aPROPERTY-COMMERCIAL PROPERTY-RETAIL PROPERTY-RETAIL PROPERTY MARKET
650 _aINDUSTRIAL MARKET
690 _aPROPERTY-COMMERCIAL PROPERTY-COMMERCIAL PROPERTY MARKET
942 _n0
999 _c72733
_d72733